[Event "FRA-ch"]
[Site "Meribel"]
[Date "1998.08.17"]
[Round "4"]
[White "Bacrot, Etienne"]
[Black "Dorfman, Josif D"]
[Result "1/2-1/2"]
[WhiteElo "2555"]
[BlackElo "2585"]
[Annotator "Donev,I"]
[PlyCount "30"]
[EventDate "1998.08.14"]
[EventType "tourn"]
[EventRounds "15"]
[EventCountry "FRA"]
[EventCategory "10"]
[SourceTitle "CBM 067"]
[Source "ChessBase"]
[SourceDate "1998.11.30"]
[SourceVersion "2"]
[SourceVersionDate "1998.11.01"]
[SourceQuality "1"]

1. d4 Nf6 2. c4 e6 3. Nf3 d5 4. Nc3 Be7 5. Bg5 O-O 6. e3 h6 7. Bxf6 Bxf6 8. Qd2
dxc4 9. Bxc4 Nd7 {Es ist wichtig für den Nachziehende n, dass weisse Zentrum
zu untergraben:entweder durch c7-c5, oder e6-e5. So wird die Macht der Bf6
vergrössert.} 10. O-O ({Folgende 2 Fortsetzungen sind gegen c7-c5 gerichtet: a)
} 10. Ne4 Be7 11. O-O c5 12. Rfd1 cxd4 13. Qxd4 Qb6 (13... Qa5 $14) 14. Rac1
$14) ({b)} 10. O-O-O g6 11. h4 Bg7 12. Kb1 a6 13. Bb3 Qe7 14. Rc1 b6 15. d5 Nc5
$11) 10... c5 11. Rfd1 cxd4 12. Nxd4 Nb6 13. Be2 Bd7 14. Rac1 $146 {[%csl Rd7]
Erlaubt dem Nachziehenden einfach, sein Hauptproblem zu lösen - die
Entwicklung des Damenläufers.} ({Stärker wäre es, zuerst den schwachen b7-
Bauern unter Druck zu setzen und die Entwicklung des schwarzen Damenläufers
auf die grosse Diagonale zu vermeiden.} 14. Bf3 $142 $5 Rb8 15. Rac1 (15. Ne4
Bxd4 16. Qxd4 Ba4 $1 17. b3 Qxd4 18. Rxd4 Bc6 19. Rad1 {1/2-1/2 Groszpeter,
A-Lengyel,L/Hungary 1987 (19)}) 15... Qe7 16. Ndb5 a6 17. Nd6 Be8 18. Nce4 Be5
19. Nc5 Nd5 20. Nf5 Qf6 21. Nd4 $14 {1/2-1/2 Zhikharev,V-Janocha,W/corr Baltic
tt 1986 (44)}) 14... Bxd4 $1 {Vernichtet den starken weissen Zentralspringer
und der Bd7 kommt nach c6.} 15. Qxd4 Bc6 (15... Bc6 16. Qe5 (16. Qxd8 Rfxd8 $11
{/\Kf8,Ke7}) 16... Qe7 $11) 1/2-1/2

[Event "Cancan Veterans-Women"]
[Site "Roquebrune"]
[Date "1998.09.15"]
[Round "8"]
[White "Cramling, Pia"]
[Black "Hort, Vlastimil"]
[Result "1/2-1/2"]
[WhiteElo "2505"]
[BlackElo "2525"]
[Annotator "Donev,I"]
[PlyCount "56"]
[EventDate "1998.09.07"]
[EventType "schev"]
[EventRounds "12"]
[EventCountry "FRA"]
[SourceTitle "CBM 067"]
[Source "ChessBase"]
[SourceDate "1998.11.30"]
[SourceVersion "2"]
[SourceVersionDate "1998.11.01"]
[SourceQuality "1"]

1. d4 Nf6 2. c4 e6 3. Nc3 d5 4. Bg5 Be7 5. Nf3 O-O 6. e3 h6 7. Bxf6 Bxf6 {
Im Gegensatz zur Hauptfortsetzung 7.Lh4, der dem Nachziehenden eine gewisse
Auswahl läßt ( D56- Ne4; D58-59 b7-b6...),jetzt entscheidet Weiss den
Charakter des Spiels selbst. Durch diesen Abtausch verliert Weiß keine Zeit
für den Läuferabzug und kämpft aktiv um das Zentrum. Auch ist möglich, nach
0-0 und später cxd5 einen Übergang zu einer Varianten des Abtausch-Systems mit
Tempo mehr zu machen. Ein anderer aggressiver Plan, der in diese Partie
benützt wird, ist, die lange Rochade vorzubereiten mit einem Bauernangriff am
Königsflügel, der nach h7-h6 abgeschwächt ist. Aber der Abtausch auf f6 hat
auch negative Seiten. Der Nachziehende bekommt das Läuferpaar, das in vielen
Varianten nach dem typischen Durchbruch c5 und Stellungsöffnung, sehr
gefährlich werden kann.} 8. Qd2 c6 9. h4 g6 (9... Nd7 10. g4 e5 11. g5 hxg5 12.
hxg5 Bxg5 13. dxe5 Nb6 14. O-O-O Bh6 15. Be2 $40 {/\Rdg1}) 10. O-O-O (10. g4
Bg7 11. g5 (11. h5 g5 12. Ne2 c5 $1) 11... h5 12. O-O-O (12. e4 Nd7 $1 13. cxd5
exd5 14. exd5 cxd5 15. Nxd5 Nb6 16. Ne3 Be6 $44 {Das Läuferpaar und der
Entwicklungsvorsprung des Nachziehenden sind genug Kompensation für den
geopferten Bauern.})) 10... Nd7 11. h5 g5 12. Kb1 Bg7 13. Bd3 dxc4 14. Bxc4 Qe7
(14... c5 15. dxc5 (15. Qc2 cxd4 16. Nxd4 Qe7 17. f4 Nb6 18. Bb3 Bd7 $1 $13 {
Alterman}) 15... Qc7 16. b4 Ne5 17. Nxe5 (17. Nb5 Qb8 18. Nd6 Nxf3 19. gxf3 b6
$1 {[%cal Yb6c5,Yb8b1]} 20. c6 Rd8 $1 $15 {/\Bf8}) 17... Qxe5 18. Rc1 a5 $1 $44
) 15. Qc2 b6 (15... e5 $5 16. d5 (16. dxe5 $6 Nxe5 {[%cal Yc8g4] Der Läufer c8
ist befreit.}) (16. Qe4 Re8 17. Bd3 exd4 18. Qh7+ Kf8 19. Nxd4 Nf6 {[%csl Rh7]}
20. Nf5 $8 Nxh7 21. Nxe7 Bg4 $1 22. f3 Nf6 $15) 16... Qb4 17. Bd3 Nb6 $13) 16.
Nh2 Bb7 17. f4 b5 {[%mdl 128] Es ist klar dass beide Spieler versuchen, die
Initiative gegen den gegnerischen König zu erobern, das ist der Hauptplan bei
Rochaden auf verschiedene Seiten.} 18. Bd3 b4 19. Na4 gxf4 20. exf4 c5 $1 {
Auf der einen Seite befreit sich Schwarz von dem schwachen rückständigen c
Bauern,auf der anderen Seite verstärkt er die Wirkung der beiden schwarzen
Läufer. Ich glaube dass schwarze Angriff am Damenflügel schneller ist.} 21.
dxc5 Rac8 22. Be4 $6 (22. Rc1 $142 Nxc5 23. Nxc5 Bd4 24. Ng4 $11) 22... Bxe4 (
22... b3 23. axb3 (23. Bh7+ Kh8 24. Qxb3 Nxc5 25. Nxc5 Rxc5 26. Bc2 Rfc8 27.
Rd2 Rxc2 $1 28. Rxc2 Be4 29. Rhc1 Qd6 $19) 23... Nxc5 24. Bxb7 (24. Nxc5 Qxc5
$1 $17) 24... Nxb7 $15) (22... Nxc5 $142 $1 {[%mdl 2048]} 23. Bxb7 (23. Nxc5
Rxc5 24. Qe2 Bxe4+ 25. Qxe4 b3 $1 26. axb3 Rb8 $17) 23... Nxb7 24. Qe4 Na5 $1
$17) 23. Qxe4 Nxc5 24. Nxc5 (24. Qxb4 Rb8 $1 25. Qxc5 Rxb2+ 26. Kc1 Qxc5+ 27.
Nxc5 Rc8 $19) 24... Rxc5 25. Nf3 Rfc8 26. Ne5 {Endlich hat der weiße Springer
die Wirkung des starken Läufers eingeschränkt.} a5 27. Rhe1 Bxe5 28. fxe5 Qg5
$1 {[%cal Yg5e5,Yg5h5,Yg5g2,Yg5c1] Mir ist unklar, warum hier die Partie Remis
endete. Schwarz steht immer noch deutlich besser.} 1/2-1/2

[Event "BL2-Sued 9596"]
[Site "Germany"]
[Date "1996.??.??"]
[Round "?.3"]
[White "Beikert, Guenther"]
[Black "Donev, Ivo Hristov"]
[Result "1/2-1/2"]
[WhiteElo "2455"]
[BlackElo "2375"]
[Annotator "Donev,I"]
[PlyCount "110"]
[EventDate "1995.10.??"]
[EventType "team-tourn"]
[EventRounds "9"]
[EventCountry "GER"]
[SourceTitle "CBM 051"]
[Source "ChessBase"]
[SourceDate "1996.04.01"]
[SourceVersion "1"]
[SourceVersionDate "1996.04.01"]
[SourceQuality "1"]
[WhiteTeam "Viernheim"]
[BlackTeam "Eppingen"]
[WhiteTeamCountry "GER"]
[BlackTeamCountry "GER"]

1. d4 d5 2. c4 e6 3. Nf3 Nf6 4. Bg5 Be7 5. Nc3 h6 6. Bxf6 Bxf6 7. cxd5 exd5 8.
e3 O-O 9. Bd3 c5 10. dxc5 Bxc3+ 11. bxc3 Nd7 12. O-O Nxc5 13. Nd4 Qg5 14. Kh1
Bg4 15. Qc2 Rac8 16. Rac1 (16. f4 Qe7 17. Bh7+ Kh8 18. Bf5 Bxf5 19. Nxf5 Qe6
$15) 16... Bd7 17. c4 $6 Nxd3 (17... Rfd8) (17... dxc4 18. Bxc4 Rfd8 $10) 18.
Qxd3 dxc4 19. Rxc4 Bb5 {Führt zu einem für Schwarz leicht besseren
Turmendspiel.} (19... Bh3 $142 $1 20. Rg1 Rxc4 (20... Qd5 21. Rxc8 Rxc8 22. e4
Qc4 23. Qxh3 $18) 21. Qxc4 Rc8 22. Qf1 (22. gxh3 Qxg1+ 23. Kxg1 Rxc4 $17) (22.
Qe2 $4 Bxg2+ 23. Rxg2 Rc1+ 24. Rg1 Qxg1#) 22... Qd5 23. f3 Bd7 24. Qf2 b5 $15 {
Der schwarze Plan ist klar: Spiel am Damenflügel, wo die schwarze
Bauernmehrheit, unterstützt von den gut plazierten Figuren des Nachziehenden,
sehr gefährlich ist.}) (19... Qd5 20. Rxc8 Rxc8 21. Qb3 $10) 20. Nxb5 Qxb5 21.
Rd4 (21. Rfc1 Rfd8 22. Qd4 $3 $8 (22. Qb3 Rxc4 $19) 22... Rxd4 23. Rxc8+ Kh7
24. exd4 Qb2 $15) 21... Qxd3 22. Rxd3 Rfd8 23. Rb3 (23. Rxd8+ Rxd8 24. Kg1 Rd2
25. Ra1 Kf8 26. Kf1 Ke7 27. Ke1 Rc2 $15) 23... Rd2 24. g3 (24. Rxb7 Rxf2 25.
Kg1 Rxf1+ (25... Rxa2 26. Rbxf7 Rcc2 27. Rf8+ Kh7 28. R8f2 Rxf2 29. Rxf2 Ra1+
30. Rf1 Rxf1+ 31. Kxf1 Kg6 32. Ke2 Kf5 $19) 26. Kxf1 Rc1+ 27. Kf2 Rc2+ 28. Kf3
Rxa2) 24... b6 25. a3 (25. Ra3 Rc7) 25... Kf8 26. Kg2 Ke7 27. Rb4 Rc3 (27...
Kd6 $5 28. Ra4 Rc7 $15) 28. Ra4 a5 29. Rb1 Rd6 (29... Rxe3 30. Rxb6 Re5 $10)
30. Re4+ Kd7 (30... Re6 31. Rxe6+ fxe6 32. Rxb6 Rxa3 $10) 31. Rf4 f6 32. a4 Rc5
(32... Kc6 33. Re4 f5 34. Re5 g6 $10) 33. Rd4 Rcc6 34. h4 $6 (34. Rxd6+ $142
Rxd6 (34... Kxd6 35. Rd1+ Kc7 36. Rd4 $14) 35. Kf3 Kc6 36. Ke2 Rd5 $13) 34...
Rxd4 35. exd4 Kc7 {/\Rc4} 36. Re1 Kd7 $2 {Leider habe ich in der Zeitnotphase
ungenau gespielt. Besser wäre:} (36... Kd6 $1 37. Re8 (37. Rb1 Kd5 $19) 37...
Rc4 38. Rg8 Rxa4 39. Rxg7 Rxd4 $17) (36... Rd6 37. Rc1+ Kd7 38. Rd1 (38. Rb1
Rxd4 39. Rxb6 Ke7 40. Rb7+ Kf8 41. Kf3 Rxa4 $17) 38... Rc6 $15) 37. d5 $1 $14
Rc4 (37... Rd6 38. Rd1 (38. Rb1 Kc7 39. Rd1 b5 40. axb5 Kb6 $15) 38... b5 $1
39. axb5 Rb6 $10) 38. Re6 Rxa4 (38... Rb4 39. Kf3 (39. h5 Rxa4 40. Rxb6 Rb4 41.
Ra6 Rb5 42. Ra7+ Kd6 43. Rxg7 Rxd5) 39... h5 40. Ke3 $14) 39. Rxb6 Rb4 40. Ra6
Rb5 (40... a4 $1 41. Ra7+ Kd6 42. Rxg7 Kxd5 43. Rh7 (43. Rg6 a3) 43... a3 44.
Ra7 Rb3 $15) 41. Ra7+ Kd6 42. Rxg7 Kxd5 (42... Rxd5 43. Rg6 Ke6 44. Rxh6 a4 45.
Rh8 Ra5 46. Re8+ Kf5 47. Re2 a3 48. Ra2 Ke4 $10) 43. Rh7 a4 44. Rxh6 Ke6 45.
Rh8 (45. g4 a3 46. g5 Ra5 $19) 45... Ra5 46. Re8+ Kf5 47. Re2 a3 48. Ra2 Ke4 $1
{Dank seines starken a3-Freibauern, des aktiven Königs und Turms hält Schwarz
Remis.} 49. g4 (49. f3+ Ke3) (49. h5 Rxh5 50. Rxa3) 49... Kf4 50. f3 Ra7 51.
Kf2 Ra8 52. Rc2 {Achtung Falle!} f5 $1 (52... a2 $4 53. Rc5 $18 {Und das Matt 
(Rf5) ist unvermeidlich.}) 53. Ra2 (53. Rc4+ Ke5 54. Rc5+ Kd4 55. Rc1 a2 56.
Ra1 fxg4 57. fxg4 Kc3 58. h5 Kb2 59. Rxa2+ Rxa2 60. Kg3 Ra1 61. h6 Kc3 62. g5
Rh1 63. Kf4 Kd4 64. Kf5 Kd5 $10) 53... fxg4 54. fxg4 Kxg4 55. Ke3 Kxh4 1/2-1/2

[Event "EU-chT (Men) 16th"]
[Site "Heraklion"]
[Date "2007.10.30"]
[Round "3.4"]
[White "Delchev, Aleksander"]
[Black "Kosic, Dragan"]
[Result "1-0"]
[WhiteElo "2613"]
[BlackElo "2482"]
[Annotator "Ftacnik,L"]
[PlyCount "65"]
[EventDate "2007.10.28"]
[EventType "team-swiss"]
[EventRounds "9"]
[EventCountry "GRE"]
[SourceTitle "CBM 121"]
[Source "ChessBase"]
[SourceDate "2007.11.14"]
[SourceVersion "1"]
[SourceVersionDate "2007.11.14"]
[SourceQuality "1"]
[WhiteTeam "Bulgaria"]
[BlackTeam "Montenegro"]
[WhiteTeamCountry "BUL"]
[BlackTeamCountry "MNE"]

1. d4 d5 2. c4 c6 3. Nf3 Nf6 4. Nc3 e6 5. Bg5 h6 6. Bxf6 Qxf6 7. e3 Nd7 8. Qc2
Qd8 9. Bd3 Be7 10. O-O O-O 11. Rac1 a6 12. Rfd1 f5 {Kosic is converting the
position into some kind of late Stonewall. White is playing without his dark
squared bishop, but all his pieces are already prepared to fight.} 13. cxd5
cxd5 14. Qb3 Kh8 (14... Qa5 15. e4 fxe4 16. Nxe4 $14) 15. Ne5 Nxe5 16. dxe5 Bd7
$6 (16... f4 17. Bb1 fxe3 18. fxe3 $1 (18. Qc2 exf2+ 19. Kf1 Rf5 20. g4 Bc5 21.
gxf5 Qg5 22. Rd3 Qg1+ 23. Ke2 exf5 $13) 18... Bg5 19. Ne4 $16) (16... b5 17.
Ne2 Bd7 18. Qc3 Rc8 19. Qd4 Rc7 $13) 17. Qxb7 Rb8 $2 {[%mdl 256] The defender
misread the tea leafes on the surface. It was much better to admitt mistake
and continue the struggle without the pawn.} (17... Rf7 18. Be2 Rb8 19. Qxa6
Rxb2 20. Rb1 $14) 18. Qa7 Rxb2 19. Nxd5 $1 exd5 20. Rc7 Bh4 {The natural urge
in the crises dictates to look for counterplay and dark squared bishop is
doing a good job. Objectively the best solution may have layed in the modest
move 20...Bb5!?} (20... Bb5 $5 21. Bxb5 axb5 22. Rxe7 Rxa2 23. Qb7 Qc8 24. Qxd5
(24. Rxg7 Qxb7 25. Rxb7 f4 26. Rf1 Re2 27. Rxb5 fxe3 28. fxe3 Rc8 $132) 24...
Qc2 25. Rf1 f4 26. e4 $16) (20... Ba4 21. Rxe7 Qb8 (21... Bxd1 22. Rxg7 Qg5 23.
Rxg5 hxg5 24. Qe7 $18) 22. Qxb8 Rfxb8 23. Rc1 Rxa2 24. Bxf5 $16) 21. g3 $1 Rf7
(21... Be6 22. Rxg7 Bg8 23. Rg6 (23. gxh4 $2 Rf7 $1 24. Rxf7 Qxh4 25. Rf1 Qg4+
26. Kh1 Qf3+ $11) 23... Be7 24. Rxh6+ Bh7 (24... Kg7 25. Rd6 $18) 25. e4 dxe4 (
25... fxe4 26. Bxe4 Rf7 27. e6 Rg7 28. Rxd5 $18) 26. Be2 Rd2 27. Rxd2 Qxd2 28.
Rxh7+ Kxh7 29. Qxe7+ $18) 22. e6 $1 (22. gxh4 $2 Qxh4 23. Rf1 Qg4+ 24. Kh1 Qf3+
25. Kg1 Rb4 $19) 22... Bxe6 23. Rxf7 Bxf7 24. Qxf7 {Delchev can be satisfied
with the fruits of his spirited idea. Opposite couloured bishops are perfect
for the unpleasant attack.} Bf6 25. Bxf5 (25. Bc4 $5 Qg8 (25... Qe7 26. Qxd5
$18) 26. Qxg8+ Kxg8 27. Rxd5 Kf8 28. Rxf5 $18) 25... Rxa2 26. Rxd5 Qg8 (26...
Qe7 27. Qg6 Kg8 28. Rd7 $18) 27. Qd7 Rb2 28. Be4 (28. e4 Rb8 29. Qc6 $18) 28...
Rb6 (28... Rb8 29. Rc5 Rd8 30. Qf5 $18) 29. Rc5 Rb8 30. Qf5 Rf8 31. Bd5 Qh7 32.
Qxh7+ Kxh7 33. Ra5 {With the fall of the pawn a6 Black can afford to stop
dreaming about resistance..} (33. Ra5 Rd8 34. Be4+ Kg8 35. Rxa6 $18) 1-0

[Event "Candidates qf3"]
[Site "Quebec"]
[Date "1989.??.??"]
[Round "1"]
[White "Jussupow, Artur"]
[Black "Spraggett, Kevin"]
[Result "1/2-1/2"]
[WhiteElo "2610"]
[BlackElo "2575"]
[Annotator "Ftacnik,L"]
[PlyCount "73"]
[EventDate "1989.02.??"]
[EventType "match"]
[EventRounds "9"]
[EventCountry "CAN"]
[SourceTitle "Candidates"]
[Source "ChessBase"]
[SourceDate "1999.07.01"]
[SourceVersion "2"]
[SourceVersionDate "1999.07.01"]
[SourceQuality "1"]

1. d4 d5 2. Nf3 Nf6 3. c4 e6 4. Nc3 Be7 5. Bg5 h6 6. Bxf6 Bxf6 7. e3 O-O 8. Qb3
c6 9. Rd1 Nd7 10. Bd3 b6 11. O-O (11. cxd5 $6 cxd5 12. e4 dxe4 13. Bxe4 Rb8 14.
O-O {Kasparov,G-Karpov,An (3)/Wch/1985/} b5 $1 $10) 11... Bb7 12. Rfe1 (12. e4
c5 $1 13. e5 cxd4 14. exf6 Nc5 $1 15. Qc2 dxc3 16. fxg7 Kxg7 17. Qxc3+ Qf6 $10
{Kasparov}) 12... Be7 13. e4 dxc4 14. Bxc4 b5 15. Bd3 Qb6 16. e5 Rfd8 17. Be4
Rac8 18. h4 a6 19. Qc2 (19. h5 Nf8 20. a4 c5 21. d5 c4 22. Qc2 exd5 $1 23. Nxd5
Bxd5 24. Bxd5 Bc5 25. Qf5 Ne6 $10) 19... Nf8 20. h5 Rd7 21. Rd2 Bb4 $1 22. a3
Bxc3 23. Qxc3 c5 24. Bxb7 Rxb7 25. dxc5 (25. d5 exd5 26. Rxd5 b4 $1 $132) 25...
Rxc5 26. Qe3 Rc8 27. Rd6 Qxe3 28. Rxe3 Ra7 $1 29. Red3 g6 $1 30. Nd2 (30. g4
Rc4 $1 31. R3d4 Rxd4 32. Nxd4 gxh5 33. gxh5 Rd7) 30... gxh5 31. Ne4 Kg7 32. Nf6
h4 33. R3d4 (33. f4 $5 Nh7 $1 (33... Rc4 $2 34. Rd8 $1 {/\ Rxf8}) (33... Kg6 $2
34. Rh3 Kf5 35. Rxh4 Ng6 36. Rh5+ Kxf4 37. Rd3 $1) (33... Ng6 34. Nh5+)) 33...
Ng6 34. Nh5+ Kh7 35. Nf6+ (35. f4 $6 Ne7 $1) 35... Kg7 36. Nh5+ Kh7 37. Nf6+
1/2-1/2

[Event "EU-Cup 10th Group6"]
[Site "Lubniewice"]
[Date "1994.??.??"]
[Round "3"]
[White "Czerwonski, Aleksander"]
[Black "Krivonosov, Oleg"]
[Result "0-1"]
[WhiteElo "2420"]
[BlackElo "2405"]
[Annotator "Ftacnik,L"]
[PlyCount "56"]
[EventDate "1994.??.??"]
[EventType "team-k.o."]
[EventRounds "3"]
[EventCountry "POL"]
[SourceTitle "EXT 2020"]
[Source "ChessBase"]
[SourceDate "2019.10.17"]
[SourceVersion "1"]
[SourceVersionDate "2019.10.17"]
[SourceQuality "1"]
[WhiteTeam "Gorzow Stilon Welkopolski"]
[BlackTeam "Paide MK"]
[WhiteTeamCountry "POL"]
[BlackTeamCountry "EST"]

1. d4 d5 2. c4 e6 3. Nf3 Nf6 4. Nc3 Be7 5. Bg5 h6 6. Bxf6 Bxf6 7. e3 O-O 8. Qd2
dxc4 9. O-O-O $5 {N} (9. Bxc4 b6 (9... Nd7 10. h4 e5 11. O-O-O exd4 12. exd4
Nb6 13. Bb3 c6 14. Qd3 Nd5 15. Ne5 Be6 16. Bc2 Re8 17. Rhe1 Nxc3 18. bxc3 Qa5 {
+/- Epishin,V-Faibisovich,V/USSR/1985/}) 10. O-O-O Bb7 11. e4 Nd7 12. e5 Bg5
13. Nxg5 Qxg5 14. Rhg1 Qxd2+ 15. Rxd2 a6 16. f4 b5 17. Bb3 c5 18. d5 c4 19.
dxe6 Nc5 20. e7 Rfe8 21. Bc2 Rxe7 22. Rgd1 Kf8 23. g3 Bf3 24. Rf1 {Tukmakov,
V-Kharitonov,A/USSR ch/1984/0.5 (38)}) 9... c5 10. h4 (10. dxc5 Qa5 11. Bxc4
Qxc5 12. Bb3 Nc6 $132) 10... cxd4 11. exd4 b5 $1 12. Nxb5 Bb7 13. Ne5 (13. Bxc4
Qb6 $132) 13... Nc6 14. f4 (14. Nxc4 Ba6 15. Ncd6 Nxd4 16. Nxd4 Qxd6 {-/+})
14... a6 15. Na3 $6 (15. Nc3 Bxh4 $5 {=+}) 15... c3 $1 16. bxc3 (16. Qxc3 Rc8
17. Nac4 Bxh4 $40) 16... Nxe5 17. fxe5 (17. dxe5 Bxh4 18. Qxd8 Bxd8 {-/+})
17... Bxh4 18. Kb2 Bg5 19. Qc2 Bd5 $1 20. c4 (20. Ka1 Qa5 21. Nb1 Rfc8 {-/+})
20... Bc6 21. Rh3 (21. d5 $2 Qb8+ 22. Ka1 Qxe5+) 21... Qa5 22. Qc3 Rab8+ 23.
Ka1 Qa4 24. Qc2 (24. Rb1 Rxb1+ 25. Nxb1 Rb8 {-/+}) 24... Rfd8 25. Rb3 (25. Qxa4
Bxa4 26. Rdd3 Bc1 $1 {-+}) 25... Rxb3 26. Qxb3 Bf4 $1 27. Qxa4 (27. Kb2 Bxe5 $1
) 27... Bxa4 28. Rd3 Rxd4 $1 (28... Rxd4 29. Rxd4 Bxe5 30. Nc2 Bxc2 31. Kb2 Be4
32. Kc3 Kf8 33. c5 Ke7 {-+}) 0-1

[Event "Munich"]
[Site "Munich"]
[Date "1990.??.??"]
[Round "?"]
[White "Jussupow, Artur"]
[Black "Van der Sterren, Paul"]
[Result "1/2-1/2"]
[WhiteElo "2615"]
[BlackElo "2515"]
[Annotator "Ftacnik,L"]
[PlyCount "84"]
[EventDate "1990.04.??"]
[EventType "tourn"]
[EventRounds "11"]
[EventCountry "GER"]
[EventCategory "13"]
[SourceTitle "CBM 018"]
[Source "ChessBase"]
[SourceDate "1990.10.01"]
[SourceVersion "1"]
[SourceVersionDate "1990.10.01"]
[SourceQuality "1"]

1. d4 Nf6 2. Nf3 d5 3. c4 e6 4. Nc3 Be7 5. Bg5 h6 6. Bxf6 Bxf6 7. e3 O-O 8. Qb3
c6 9. Rd1 Nd7 10. Bd3 Rb8 11. O-O (11. Qc2 dxc4 12. Bxc4 b5 13. Be2 Qa5 14. O-O
c5 15. a3 b4 16. axb4 Qxb4 17. Na4 Bb7 {Nikolic,Pr-Vaganian,R/Luzern WTCH/1989/
->CBM 16} 18. dxc5) 11... b5 12. cxb5 cxb5 13. Rc1 a6 14. Ne2 Bb7 15. Bb1 {
/\ Qd3, Nf4 ->} g6 16. Nf4 Bg7 17. h4 $1 Re8 (17... h5 18. Bxg6 $6 fxg6 19.
Nxe6 (19. Ng5 Rxf4 20. Nxe6 Qxh4 21. Nxf4 Qg5) 19... Qe7 20. Nfg5 Rf6 21. Nf4
Nb6) 18. Nd3 h5 19. Ng5 (19. Rc3 {/\ Rfc1}) 19... Qb6 20. f4 f5 (20... f6 21.
Nf3 e5 22. Nc5 $1 $16) 21. Rf3 Rbc8 22. Rcf1 a5 $1 23. Ne5 Nxe5 24. fxe5 b4 25.
Bd3 Ba6 26. Bxa6 Qxa6 27. Qa4 Re7 28. a3 (28. Rg3 Bh6 29. Nh3 Rg7) 28... bxa3
29. Qxa3 Rb7 30. Ra1 Bf8 31. Qa4 (31. Qxa5 $4 Rc1+ 32. Kh2 Rxa1 $19) 31... Be7
32. Rg3 Kg7 33. Kh2 Bxg5 34. Rxg5 Qe2 $1 35. Rg3 (35. Qxa5 Qxe3 36. Qa6 Qf4+
37. Rg3 (37. Kg1 Qxd4+) 37... Qxh4+ $13) 35... Qf2 36. Kh3 (36. Qxa5 f4 37.
exf4 Qxf4 38. Qa6 Qxh4+) 36... Qxb2 (36... f4 37. Rf3) 37. Qxa5 Rcc7 38. Qa4
Qb5 39. Qd1 Kh7 40. Qd2 Qb2 41. Qxb2 Rxb2 42. Ra6 Re7 {Ftacnik,L} 1/2-1/2

[Event "WchT 2nd"]
[Site "Luzern"]
[Date "1989.??.??"]
[Round "3.2"]
[White "Nikolic, Predrag"]
[Black "Vaganian, Rafael A"]
[Result "0-1"]
[WhiteElo "2600"]
[BlackElo "2585"]
[Annotator "Ftacnik,L"]
[PlyCount "119"]
[EventDate "1989.10.27"]
[EventType "team-tourn"]
[EventRounds "9"]
[EventCountry "SUI"]
[SourceTitle "CBM 016"]
[Source "ChessBase"]
[SourceDate "1990.06.01"]
[SourceVersion "1"]
[SourceVersionDate "1990.06.01"]
[SourceQuality "1"]
[WhiteTeam "Yugoslavia"]
[BlackTeam "Soviet Union"]
[WhiteTeamCountry "YUG"]
[BlackTeamCountry "URS"]

1. d4 Nf6 2. c4 e6 3. Nf3 d5 4. Nc3 Be7 5. Bg5 O-O 6. e3 h6 7. Bxf6 Bxf6 8. Qb3
c6 9. Rd1 Nd7 10. Bd3 Rb8 {N} (10... b6 11. O-O Bb7 12. Rfe1 Be7 13. e4 dxc4
14. Bxc4 b5 15. Bd3 Qb6 {Jusupov,A-Spraggett,K/Quebec (m/1)/1989/1/4-1/4/37/
-> CBM 11}) 11. Qc2 (11. O-O b5 12. cxd5 cxd5 13. e4 b4 $10) 11... dxc4 12.
Bxc4 b5 (12... c5 13. dxc5 Qa5) 13. Be2 Qa5 14. O-O c5 15. a3 (15. dxc5 Nxc5
16. b4 $5 Qxb4 17. Nxb5 $10) 15... b4 16. axb4 Qxb4 17. Na4 Bb7 18. dxc5 $6 (
18. Nxc5 Nxc5 19. Qxc5 Qxc5 20. dxc5 Bd5 $5 $15) 18... Be4 19. Qc4 Bc6 20. Nb6
Qxc4 21. Nxc4 Nxc5 22. Ra1 Ba4 $1 23. Nd4 Rb4 24. Ra3 Rd8 25. b3 Bxd4 26. bxa4
Bb2 27. Nxb2 Rxb2 28. Bf3 Nb3 $1 (28... Rdd2 29. Rc3 Nxa4 30. Rc8+ Kh7 31. Rc7
$10) 29. Re1 a5 30. h3 Kf8 31. Rd1 Ke7 32. Rxd8 Kxd8 33. Bd1 Nc5 34. Rc3 Ne4
35. Rc4 Rb4 36. Rc1 (36. Rxb4 axb4 37. Kf1 b3 $1 $19) 36... Nd2 37. Rc3 Ne4 38.
Rc1 f5 39. Kf1 Ke7 40. f3 Nd2+ 41. Kf2 Nc4 42. Rc3 Nb2 43. Bc2 Kd6 44. Ke2 h5
45. f4 h4 46. Rc8 Nxa4 47. Bxa4 Rxa4 48. Rg8 Ra2+ 49. Kf3 Rc2 50. Rxg7 Rc7 51.
Rg8 Ra7 52. Ke2 a4 53. Rd8+ Ke7 54. Rd2 a3 55. Ra2 Kd6 56. Kd2 Kd5 57. Kd3 Ra8
58. Kc3 Ke4 59. Kd2 Rd8+ 60. Ke2 {Ftacnik} 0-1

[Event "Baden-Baden"]
[Site "Baden-Baden"]
[Date "1992.12.11"]
[Round "6"]
[White "Jussupow, Artur"]
[Black "Boensch, Uwe"]
[Result "1-0"]
[WhiteElo "2640"]
[BlackElo "2490"]
[Annotator "Ftacnik,L"]
[PlyCount "91"]
[EventDate "1992.12.??"]
[EventType "tourn"]
[EventRounds "11"]
[EventCountry "GER"]
[EventCategory "14"]
[SourceTitle "CBM 033"]
[Source "ChessBase"]
[SourceDate "1993.04.01"]
[SourceVersion "1"]
[SourceVersionDate "1993.04.01"]
[SourceQuality "1"]

1. d4 Nf6 2. Nf3 d5 3. c4 e6 4. Nc3 Be7 5. Bg5 h6 6. Bxf6 Bxf6 7. e3 O-O 8. Qb3
c6 9. Rd1 Nd7 10. Bd3 Rb8 11. O-O b5 12. cxd5 cxd5 13. Rc1 a6 14. Ne2 e5 (14...
Bb7 15. Nf4 $14) 15. dxe5 Nxe5 16. Nfd4 Rb6 17. Bb1 g6 18. Qc2 Qd6 19. h3 Bd7
20. b3 Nc6 21. Qd2 Nxd4 22. Nxd4 $14 b4 23. Rfd1 Rd8 24. Qe2 Bb5 25. Qf3 Be5
26. Rd2 Qe7 27. Nxb5 Rxb5 28. Rcd1 Bc7 29. g3 Qe5 30. e4 $1 d4 31. Bd3 Rb6 32.
Rc2 g5 $6 {x f5} (32... Bd6 33. Rdc1 $16) 33. Rdc1 Rf6 34. Qg4 Bb6 35. f4 Qe6
36. e5 Qxg4 37. hxg4 Re6 38. Kg2 Kg7 (38... f6 $2 39. Bc4 $18) 39. Rc6 Rxc6 40.
Rxc6 Rb8 41. f5 a5 42. Kf3 Bd8 43. f6+ Kf8 44. Ke4 Kg8 45. Kxd4 Bb6+ 46. Ke4 (
46. Ke4 Bf2 47. Bc4 Bxg3 48. Rc7 $18) 1-0